| 000 | 00508nam a2200217Ia 4500 | ||
|---|---|---|---|
| 999 |
_c45168 _d45168 |
||
| 003 | 0100 | ||
| 005 | 20180214090415.0 | ||
| 008 | 130303s9999 xx 000 0 und d | ||
| 040 | _cARRUPELIB | ||
| 050 | _aDT657.L4 1961 | ||
| 100 |
_aLegum, Colin _913861 |
||
| 245 | _aCongo disaster / | ||
| 260 |
_aBaltimore _bPenguin Books _c1961 |
||
| 300 | _a174 p. | ||
| 300 | _b 18 cm | ||
| 440 |
_aA Penguin special S191 _939146 |
||
| 650 |
_aCongo (Democratic Republic) _yHistory _939147 |
||
| 650 |
_aNationalism _zCongo (Democratic Republic) _939148 |
||
| 942 | 0 | 0 |
_01 _2lcc _cMONOGRAPH |